000 00989nas a2200265 4500
001 BR8602255
003 BR-BrBNA
005 20231205090443.0
007 ta
008 230509b bl.|||p| |||| 00| 00por d
040 _aBR-BrBNA
_bpor
_cBiblioteca Nacional de Agricultura
041 _a(Pt)
072 _aP33
100 1 _aMedina, B.F.
100 1 _aLeite, J.A.
245 1 _aInfluencia de tres sistemas de manejo e duas coberturas vegetais na infiltracao de agua em um latossolo amarelo em Manaus, Amazonas
246 1 _aThe influence of three soil management systems and two vegetative covers on water infiltration into a yellow latosol from Manaus, Amazonas, Brazil
650 _aLATOSSOLO AMARELO
650 _aINFILTRACAO
650 _aCOMPACTACAO DO SOLO
650 _aAMAZONAS
773 0 _tPesquisa Agropecuaria Brasileira (Brazil)
_xISSN 0100-204X
_g(Nov 1985), v. 20(11) p. 1323-1331
_wBR8602255
909 _a202311
_bLúcia
_c55
_dLúcia Elande
942 _2AGRIS
_n0
_cANA
999 _c118527
_d118527